000 00466nam a2200181Ia 4500
001 30591
003 IN-NITTTR
005 20251114233413.0
008 251113s9999||||xx |||||||||||||| ||eng||
040 _beng
040 _cIN-NITTTR
041 _aeng
082 _a669.9 D1S
100 _aDonachie, Matthew J.
245 0 _aSuperalloys :
_b a technical guide /
_cDonachie, Matthew J., Donachie, Stephen J.
700 _a Donachie, Stephen J.
942 _2ddc
_cBK
999 _c33221
_d33221